<?xml version="1.0" encoding="UTF-8"?>
<record
    xmlns:xsi="http://www.w3.org/2001/XMLSchema-instance"
    xsi:schemaLocation="http://www.loc.gov/MARC21/slim http://www.loc.gov/standards/marcxml/schema/MARC21slim.xsd"
    xmlns="http://www.loc.gov/MARC21/slim">

  <leader>02469nam a2200325Ia 4500</leader>
  <controlfield tag="003">OSt</controlfield>
  <controlfield tag="005">20210521082650.0</controlfield>
  <controlfield tag="008">210310s2000    m      gr     000 0ds   d</controlfield>
  <datafield tag="020" ind1=" " ind2=" ">
    <subfield code="a">9681906977</subfield>
  </datafield>
  <datafield tag="040" ind1=" " ind2=" ">
    <subfield code="a">CO-JMCR</subfield>
    <subfield code="c">CO-JMCR</subfield>
  </datafield>
  <datafield tag="041" ind1="1" ind2=" ">
    <subfield code="a">spa</subfield>
    <subfield code="h">eng</subfield>
  </datafield>
  <datafield tag="082" ind1="0" ind2="4">
    <subfield code="a">335.5 /</subfield>
    <subfield code="b">G453t</subfield>
    <subfield code="2">23</subfield>
  </datafield>
  <datafield tag="100" ind1="1" ind2=" ">
    <subfield code="a">Giddens, Anthony, </subfield>
    <subfield code="9">15679</subfield>
    <subfield code="e">autor</subfield>
  </datafield>
  <datafield tag="245" ind1="1" ind2="3">
    <subfield code="a">La tercera v&#xED;a : </subfield>
    <subfield code="b">la renovaci&#xF3;n de la socialdemocracia / </subfield>
    <subfield code="c">Anthony Giddens ; traducci&#xF3;n de Pedro Cifuentes Huertas</subfield>
  </datafield>
  <datafield tag="250" ind1=" " ind2=" ">
    <subfield code="a">Primera edici&#xF3;n</subfield>
  </datafield>
  <datafield tag="260" ind1=" " ind2=" ">
    <subfield code="a">Madrid : </subfield>
    <subfield code="b">Tauros, </subfield>
    <subfield code="c">2000</subfield>
  </datafield>
  <datafield tag="300" ind1=" " ind2=" ">
    <subfield code="a">198 p&#xE1;ginas ; </subfield>
    <subfield code="c">22 cm.</subfield>
  </datafield>
  <datafield tag="490" ind1="0" ind2=" ">
    <subfield code="a">Pensamiento</subfield>
  </datafield>
  <datafield tag="500" ind1=" " ind2=" ">
    <subfield code="a">Incluye datos biogr&#xE1;ficos del autor.
.T&#xED;tulo original: The third way</subfield>
  </datafield>
  <datafield tag="505" ind1="0" ind2=" ">
    <subfield code="a">El socialismo y su posteridad -- Cinco dilemas -- El Estado y la sociedad civil --El Estado social inversor -- Hacia la era global</subfield>
  </datafield>
  <datafield tag="520" ind1="3" ind2=" ">
    <subfield code="a">La idea de encontrar una "tercera v&#xED;a" en pol&#xED;tica est&#xE1; siendo, desde hace tiempo, ampliamente debatida en Europa, Estados Unidos y Latinoam&#xE9;rica. &#xBF;pero qu&#xE9; es la tercera v&#xED;a? los defensores de esta teor&#xED;a no han sido capaces llegar a un acuerdo, y sus detractores rechazan del todo esta noci&#xF3;n. Anthony Giddens muestra que desarrollar una tercera v&#xED;a en la pol&#xED;tica moderna es no s&#xF3;lo una posibilidad, sino una necesidad, y presenta la renovaci&#xF3;n de la socialdemocracia en un mundo en el que las ideas de la vieja izquierda han quedado obsoletas, mientras que las de la nueva derecha son inadecuadas y contradictorias. Un nuevo programa socialdem&#xF3;crata est&#xE1; surgiendo: es s&#xF3;lido, de largo alcance y puede reavivar el idealismo pol&#xED;tico.
"Tony Giddens, acaso el intelectual predilecto de Tony Blaor, han conseguido lo que muchos cre&#xED;an imposible: ha construido una definici&#xF3;n s&#xF3;lida y convincente de la tercera v&#xED;a. Es una intervenci&#xF3;n pol&#xED;tica importante y probablememnte muy significativa".
"Tony Giddens ha elaborado la contribuci&#xF3;n m&#xE1;s destacada hasta el momento para sentar las bases intelectuales de una postura renovada de centro-izquierda. Este libro ser&#xE1; un hito. Es una obra pionera de vital inter&#xE9;s para la formaci&#xF3;n del pensamiento pol&#xED;tco a ambos lados del Atl&#xE1;ntico"</subfield>
  </datafield>
  <datafield tag="546" ind1=" " ind2=" ">
    <subfield code="a">Traducido del ingl&#xE9;s.</subfield>
  </datafield>
  <datafield tag="650" ind1="1" ind2="4">
    <subfield code="a">Cambio social</subfield>
    <subfield code="9">15681</subfield>
  </datafield>
  <datafield tag="650" ind1="2" ind2="4">
    <subfield code="a">Tercera v&#xED;a</subfield>
    <subfield code="9">37750</subfield>
  </datafield>
  <datafield tag="650" ind1="2" ind2="4">
    <subfield code="a">Socialismo</subfield>
    <subfield code="9">37751</subfield>
  </datafield>
  <datafield tag="650" ind1="2" ind2="4">
    <subfield code="a">Globalizaci&#xF3;n</subfield>
    <subfield code="9">37752</subfield>
  </datafield>
  <datafield tag="650" ind1="2" ind2="4">
    <subfield code="a">Sociedad civil</subfield>
    <subfield code="9">37753</subfield>
  </datafield>
  <datafield tag="700" ind1="1" ind2=" ">
    <subfield code="a">Cifuentes Huertas, Pedro, </subfield>
    <subfield code="e">traductor</subfield>
    <subfield code="9">37754</subfield>
  </datafield>
  <datafield tag="942" ind1=" " ind2=" ">
    <subfield code="2">ddc</subfield>
    <subfield code="c">BK</subfield>
  </datafield>
  <datafield tag="999" ind1=" " ind2=" ">
    <subfield code="c">7869</subfield>
    <subfield code="d">7869</subfield>
  </datafield>
  <datafield tag="952" ind1=" " ind2=" ">
    <subfield code="0">0</subfield>
    <subfield code="1">0</subfield>
    <subfield code="2">ddc</subfield>
    <subfield code="4">0</subfield>
    <subfield code="7">0</subfield>
    <subfield code="8">NFIC</subfield>
    <subfield code="a">CPL</subfield>
    <subfield code="b">CPL</subfield>
    <subfield code="d">2018-04-15</subfield>
    <subfield code="e">Donaci&#xF3;n</subfield>
    <subfield code="l">1</subfield>
    <subfield code="o">335.5 / G453t</subfield>
    <subfield code="p">430003773</subfield>
    <subfield code="r">2024-05-16 00:00:00</subfield>
    <subfield code="s">2022-06-14</subfield>
    <subfield code="t">Ej.1</subfield>
    <subfield code="y">BK</subfield>
  </datafield>
</record>
